Cargando...
Endocrinology Basic and Clinical Principles
"For this new edition of Conn & Melmed's Endocrinology: Basic and Clinical Principles, a panel of scientists and clinicians has completely rewritten every chapter to reflect the latest advances in our understanding of the endocrine system. Maintaining the original goal of the first...
| Autor principal: | |
|---|---|
| Formato: | Printed Book |
| Publicado: |
Totowa
Humana Press
2005
|
| Edición: | 2nd;Ed. |
| Materias: | |
| Acceso en línea: | http://classify.oclc.org/classify2/ClassifyDemo?owi=905808762 |
| LEADER | 01736nam a2200181 4500 | ||
|---|---|---|---|
| 999 | |c 123509 |d 123505 | ||
| 020 | |a 9781588294272 | ||
| 082 | |a 612.4 MEL/E | ||
| 100 | |a Melmed, Shlomo; Ed. |a Conn, P. Michael; Ed. |9 60716 | ||
| 245 | |a Endocrinology |b Basic and Clinical Principles | ||
| 250 | |a 2nd;Ed. | ||
| 260 | |a Totowa |b Humana Press |c 2005 | ||
| 300 | |a 440p. | ||
| 520 | |a "For this new edition of Conn & Melmed's Endocrinology: Basic and Clinical Principles, a panel of scientists and clinicians has completely rewritten every chapter to reflect the latest advances in our understanding of the endocrine system. Maintaining the original goal of the first edition to integrate the basic science of endocrinology with its physiological and clinical principles, the authors have succinctly summarized in 500 pages the latest findings on hormone secretion and hormone action, as well as all the most recent insights into the physiology and pathophysiology of hormonal disorders." "Concise yet comprehensive, Endocrinology: Basic and Clinical Principles, Second Edition offers students, clinicians, and scientists access to the entire spectrum of endocrinological knowledge, authoritatively illuminating the basic scientific principles underlying every aspect of hormone secretion and action, and leading the reader towards a full understanding of the pathogenesis and management of human endocrine disease."--Jacket. | ||
| 650 | |a Endocrinology-- Hormones-- Endocrine glands -- Diseases. |9 60717 | ||
| 856 | |u http://classify.oclc.org/classify2/ClassifyDemo?owi=905808762 | ||
| 942 | |c BK | ||
| 952 | |0 0 |1 0 |4 0 |6 612_400000000000000_MEL_E |7 0 |9 120296 |a SBS |b SBS |d 2017-09-07 |l 2 |o 612.4 MEL/E |p SBS1471 |r 2019-11-20 |s 2019-11-18 |w 2017-09-07 |y BK | ||